000 01002nam a22003137a 4500
003 CHAP
005 20220329133413.0
008 971013s1991 r 00010 d
010 _a5970
011 _a6942
035 _a6165
040 _cCHAP
082 _a001.61
_bC3
100 0 0 _aCantú Ortiz, Francisco J.
_918523
245 _aOperational expert system applications in Mexico
260 _aOxford :
_bPergamon,
_c1991
300 _a209 p.
500 _a60-112
590 _aBATCH-UPD
_b10
_c20130110
_lUCH01
_h1739
590 _aBATCH-UPD
_b10
_c20130410
_lUCH01
_h1119
590 _aBATCH-UPD
_b10
_c20130914
_lUCH01
_h0350
590 _aBATCH-UPD
_b10
_c20130914
_lUCH01
_h2120
590 _aCONVERSION
_b10
_c20130109
_lUCH01
_h1304
650 1 4 _aAnálisis de sistemas.
_95976
650 1 4 _aProcesamiento automático de datos en administración de empresas.
_991748
901 _aBK
942 _cLIBRO
949 _a001.61 C3
_bBC
_cLIBRO
_d33724000229589
_eLIBRO
_gI.166661
_h82253
_i6165
_si
_t215.00
999 _c5970
_d5970